01913nabaa22002177a 4500999001500000003000400015005001700019008004100036040000700077100002600084245010000110300001500210500003600225505111000261505008901371650003201460650003601492650003501528773011901563942001301682 c6165d6165OSt20260123205715.0190701b xxu||||| |||| 00| 0 spa d cPJ 96878aGarda, Juan B. 10aUn foro de principios para la "teoría general del contrato administrativo" /bJuan B. Garda.  ap. 146-189 aCita: TR LALEY AR/DOC/446/2024  aSumario: I. Introducción.— II. El contrato administrativo. Origen.— III. El contrato como especie de "acto administrativo".— IV. Perspectivas contrarias a la categoría jurídica. Especial referencia a la tesis de Mairal.— V. Distintos criterios para su conceptualización (teorías del contrato administrativo). Postura adoptada al respecto por la CSJN.— VI. El triple efecto jurídico y la cuádruple clasificación del instituto. Contratos regidos parcialmente por el derecho privado.— VII. Ecuación económica financiera contractual: conceptualización técnica y formas de violentarla.— VIII. La teoría de la invalidez administrativa y su fuerza expansiva a la categoría contrato administrativo.— IX. Plazo de caducidad y contratos administrativos.— X. Doctrina de la CSJN sobre "inexistencia contractual" ante omisión de licitación pública exigida por ley. Análisis crítico.— XI. Extinción del contrato administrativo. Supuestos normales y anormales.— XII. Consideraciones finales.— XIII. Bibliografía complementaria (por orden alfabético).  t¿Te interesa el texto completo? Comunicate al correo: koha@justierradelfuego.gov.ar 09211aDERECHO ADMINISTRATIVO 091170aCONTRATOS ADMINISTRATIVOS 091057aJURISPRUDENCIA APLICABLE0 0284293251dBuenos Aires : AbeledoPerrot, 2012-oDA121tDerecho administrativo. Nº 152 marzo/abril 2024z18510590 2udccANA